Matemática 9 /

Guardado en:
Autor Principal: Latorre, María Laura
Otros Autores: Spivak, Laura, Kaczor, Pablo J., Elizondo, María Celina L. de
Formato: Libro
Publicado: Buenos Aires : Santillana, 1998
Materias:
Etiquetas: Agregar Etiqueta
Sin Etiquetas, Sea el primero en etiquetar este registro!
LEADER 00884nam a22002295a 4500
001 CEM.cems017749
005 20120314123745.0
008 130507s1998##################000#0#####d
003 CEMS
020 |a 950460501X 
082 0 4 |a 510 
100 1 |a Latorre, María Laura 
245 1 0 |a Matemática 9 /  |c María Laura Latorre ... [et Al.] 
260 |a Buenos Aires :  |b Santillana,  |c 1998 
300 |a 239 p. 
505 0 |a Números reales -- Vectores -- Expresiones algebraicas -- Ecuaciones, inecuaciones y sistemas -- Geometría y mediciones -- Movimientos y proporcionalidad geométrica -- Trigonometría -- Funciones -- Combinatoria, probabilidad y estadística 
653 |a Matemática 
653 |a Matemática-egb 
700 1 |a Spivak, Laura 
700 1 |a Kaczor, Pablo J. 
700 1 |a Elizondo, María Celina L. de 
859 |a CEMS  |b BIB. CEMS - Agricultura  |h 510  |i L351  |p A1499.12  |t Ej.1  |v 9  |3 9